| 000 | 00525nam a22001937a 4500 | ||
|---|---|---|---|
| 001 | OSt | ||
| 003 | DEla salle | ||
| 005 | 20160622141200.0 | ||
| 008 | 130204t xxu||||| |||| 00| 0 eng d | ||
| 050 |
_aPN 6014 _b.I161 1992 |
||
| 082 |
_aFIL808.8 _b.L71 1992 |
||
| 245 |
_aIntroduction to literature _cThe Literature Department, De La Salle University |
||
| 260 |
_aManila _bDe La Salle University Press _c1992 |
||
| 300 |
_a427 p. _c23 cm |
||
| 526 | _c1210L-1700L | ||
| 562 | _e1 | ||
| 942 |
_2lcc _cBK |
||
| 999 |
_c17716 _d17716 |
||